Southville International School and Colleges
Your cart is empty.
  • Cart
  • Lists
    Public lists Eva Luna New books Lux_list list_1
    Your lists Log in to create your own lists
  • Log in to your account
  • Your cookies
  • Search history
Southville International School and Colleges
  • Advanced search
  • Recent comments
  • Most popular
  • Libraries

Log in to your account

Log in with GOOGLE


If you do not have an external account, but do have a local account, you can still log in:

  1. Home
  2. MARC view: --if you lived 100 years ago /
Normal view MARC view ISBD view

--if you lived 100 years ago / (Record no. 33875)

[ view plain ]
MARC details
000 -LEADER
fixed length control field 01889cam a2200445 a 4500
001 - CONTROL NUMBER
control field 12084626
003 - CONTROL NUMBER IDENTIFIER
control field OSt
005 - DATE AND TIME OF LATEST TRANSACTION
control field 20140310184346.0
008 - FIXED-LENGTH DATA ELEMENTS--GENERAL INFORMATION
fixed length control field 000628s1999 nyua j 000 0 eng d
010 ## - LIBRARY OF CONGRESS CONTROL NUMBER
LC control number 00268280
020 ## - INTERNATIONAL STANDARD BOOK NUMBER
International Standard Book Number 9780590960014
035 ## - SYSTEM CONTROL NUMBER
System control number (OCoLC)ocm42401026
040 ## - CATALOGING SOURCE
Original cataloging agency ZNM
Transcribing agency ZNM
Modifying agency OHI
-- DLC
042 ## - AUTHENTICATION CODE
Authentication code lcac
043 ## - GEOGRAPHIC AREA CODE
Geographic area code n-us---
-- n-us-ny
050 00 - LIBRARY OF CONGRESS CALL NUMBER
Classification number F 128.47
Item number .M48 1999
100 1# - MAIN ENTRY--PERSONAL NAME
Personal name McGovern, Ann.
9 (RLIN) 5437
245 12 - TITLE STATEMENT
Title --if you lived 100 years ago /
Statement of responsibility, etc by Ann McGovern ; illustrated by Anna DiVito.
246 3# - VARYING FORM OF TITLE
Title proper/short title If you lived one hundred years ago
260 ## - PUBLICATION, DISTRIBUTION, ETC. (IMPRINT)
Place of publication, distribution, etc New York :
Name of publisher, distributor, etc Scholastic,
Date of publication, distribution, etc 1999
300 ## - PHYSICAL DESCRIPTION
Extent 80 p. :
Other physical details col. ill. ;
Dimensions 19 x 23 cm.
520 ## - SUMMARY, ETC.
Summary, etc Describes what life was like in New York City, then the largest city in the United States, during the 1890's.
521 ## - TARGET AUDIENCE NOTE
Target audience note
526 ## - STUDY PROGRAM INFORMATION NOTE
Reading level 770
562 ## - COPY AND VERSION IDENTIFICATION NOTE
Number of copies 1
651 #0 - SUBJECT ADDED ENTRY--GEOGRAPHIC NAME
Geographic name New York (N.Y.)
General subdivision History
Chronological subdivision 1865-1898
Form subdivision Juvenile literature.
9 (RLIN) 24811
651 #0 - SUBJECT ADDED ENTRY--GEOGRAPHIC NAME
Geographic name New York (N.Y.)
General subdivision History
Chronological subdivision 1898-1951
Form subdivision Juvenile literature.
9 (RLIN) 24812
651 #0 - SUBJECT ADDED ENTRY--GEOGRAPHIC NAME
Geographic name New York (N.Y.)
General subdivision Social life and customs
Chronological subdivision 19th century
Form subdivision Juvenile literature.
9 (RLIN) 24813
651 #0 - SUBJECT ADDED ENTRY--GEOGRAPHIC NAME
Geographic name United States
General subdivision History
Chronological subdivision 1865-1921
Form subdivision Juvenile literature.
9 (RLIN) 24814
651 #0 - SUBJECT ADDED ENTRY--GEOGRAPHIC NAME
Geographic name United States
General subdivision Social life and customs
Chronological subdivision 1865-1918
Form subdivision Juvenile literature.
9 (RLIN) 24815
651 #1 - SUBJECT ADDED ENTRY--GEOGRAPHIC NAME
Geographic name New York (N.Y.)
General subdivision History
Chronological subdivision 19th century.
9 (RLIN) 24816
651 #1 - SUBJECT ADDED ENTRY--GEOGRAPHIC NAME
Geographic name New York (N.Y.)
General subdivision Social life and customs
Chronological subdivision 19th century.
9 (RLIN) 24817
651 #1 - SUBJECT ADDED ENTRY--GEOGRAPHIC NAME
Geographic name United States
General subdivision History
Chronological subdivision 19th century.
9 (RLIN) 24818
651 #1 - SUBJECT ADDED ENTRY--GEOGRAPHIC NAME
Geographic name United States
General subdivision Social life and customs
Chronological subdivision 19th century.
9 (RLIN) 24819
700 1# - ADDED ENTRY--PERSONAL NAME
Personal name DiVito, Anna.
9 (RLIN) 24820
906 ## - LOCAL DATA ELEMENT F, LDF (RLIN)
a 7
b cbc
c copycat
d 2
e ncip
f 20
g y-gencatlg
942 ## - ADDED ENTRY ELEMENTS (KOHA)
Source of classification or shelving scheme Library of Congress Classification
Koha item type
Holdings
Withdrawn status Lost status Source of classification or shelving scheme Damaged status Home library Current library Shelving location Date acquired Total Checkouts Full call number Barcode Date last seen Date checked out Copy number Price effective from Koha item type
    Library of Congress Classification   Luxembourg Library Luxembourg Library Scholastic Reading Center Section 10/07/2013 1 F 128.47 .M48 1999 LEX1120 02/21/2018 02/12/2018 1 10/07/2013 Books

--if you lived 100 years ago /

APA

McGovern A., DiVito A., . (1999). if you lived 100 years ago. New York: Scholastic.

Chicago

McGovern Ann, DiVito Anna, . 1999. if you lived 100 years ago. New York: Scholastic.

Harvard

McGovern A., DiVito A., . (1999). if you lived 100 years ago. New York: Scholastic.

MLA

McGovern Ann, DiVito Anna, . if you lived 100 years ago. New York: Scholastic. 1999.

  • Place hold
  • Print
  • Cite
  • Add to your cart (remove)
  • Save record
    BIBTEX Dublin Core MARCXML MARC (non-Unicode/MARC-8) MARC (Unicode/UTF-8) MARC (Unicode/UTF-8, Standard) MODS (XML) RIS
  • More searches
    Search for this title in:
    Other Libraries (WorldCat) Other Databases (Google Scholar) Online Stores (Bookfinder.com) Open Library (openlibrary.org)

Exporting to Dublin Core...

SOUTHVILLE LIBRARY

Southville International School and Colleges Library

1281 Tropical Ave. Cor. Luxembourg St., BF Homes International, Las Pinas City

Tel. No. 8256374 / 252358 Loc. 117/146

Powered by Koha